00599nam a2200169 a 450000100100000000500170001000800410002702000180006804000250008610000210011124500900013225000110022226000870023330000210032050000570034150400310039800003919720201002031536.0130607s2010 dr 000 0 spa d a9789993458890 aDO-SdBNPbspacBNPHU1 aChantada, Amparo10aMis años de lucha ambiental en República Dominicana 1983-1992 /cAmparo Chantada. a2a ed. aSanto Domingo :bCentro para el Desarrollo Agropecuario y Forestal (CEDAF),c2010. a278 p. ;c24 cm. aIncluye datos biográficos del autor en las solapas aBibliografía : p 273-278